TRAVIS SCOTT ALPHABET - Statistics

General Stats
  • This quiz has been taken 3,598 times
  • The average score is 15 of 26
Answer Stats
Letter Answer % Correct
A ASTROTHUNDER | Apple Pie | Antidote
93%
C CAN'T SAY | CAROUSEL | Coffee Bean | coordinate | CIRCUS MAXIMUS
84%
S Saint | sdp interlude | SICKO MODE | SKELETONS | STOP TRYING TO BE GOD | STARGAZING | sweet sweet | SIRENS | SKITZO | Saint Laurent Mask
83%
9 90210
81%
M Mafia | Mamacita | MELTDOWN | MY EYES | MODERN JAM | Modern Slavery | Maria I'm Drunk | Motorcyle Patches | Moon Rock
79%
G GANG GANG | GATTI | goosebumps | God's Country | Go | guidance | Go Off | Gett Off Me
74%
H HIGHEST IN THE ROOM | Huncho Jack | HOUSTONFORNICATION | HYAENA | HAD ENOUGH | How U Feel
74%
3 3500
73%
B Baptized in Fire | Beibs in the Trap | Best Man | Black & Chinese | BUTTERFLY EFFECT
70%
F FE!N | FEIN | First Take | FRANCHISE
70%
P Pick up the phone | Power Is Power | PARASAIL | Pornography | Pray 4 Love | Piss On Your Grave
70%
T TELEKINESIS | THANK GOD | TKN | TOPIA TWINS | through the late night | the ends | TIL FURTHER NOTICE
70%
N NC-17 | Nightcrawler | NO BYSTANDERS | Never Catch Me
66%
W Wake Up | Who? What? | What To Do? | wonderful | Whole Lotta Lovin' | way back | Watch | Wasted | Where U From
61%
I I KNOW? | Impossible | I Can Tell
55%
D DELRESTO | Down in Atlanta | Dubai Shit | drugs you should try I Days before Rodeo
50%
O OUT WEST | outside | Oh My Dis Side | Ok Alright
50%
L Lose | LOOOVE | LOST FOREVER
47%
Y YOSEMITE
47%
5 5% TINT
42%
Q Quintana
39%
K K-POP | Krzy Train
38%
E Escape Plan | Eye 2 Eye
34%
Z ZEZE
34%
J JACKBOYS
27%
R R.I.P. SCREW
25%
No matching quizzes found
Score Distribution
Percent of People with Each Score
Percentile by Number Answered
Your Score History
You have not taken this quiz